[Event "Asian Continental op 20th"]
[Site "Almaty"]
[Date "2023.06.11"]
[Round "9"]
[White "Spiridonov, Kirill"]
[Black "Badghisi, Hassibullah"]
[Result "1/2-1/2"]
[WhiteElo "1774"]
[BlackElo "1368"]
[PlyCount "88"]
[EventDate "2023.06.04"]
[EventType "swiss"]
[EventRounds "9"]
[EventCountry "KAZ"]
[SourceTitle "CBM 214 Extra"]
[Source "ChessBase"]
[SourceDate "2023.07.31"]
[SourceVersion "1"]
[SourceVersionDate "2023.07.31"]
[SourceQuality "1"]

1. e4 e5 2. Nf3 Nc6 3. Bb5 Nf6 4. d3 d6 5. 0-0 Bg4 6. h3 Bh5 7. c3 Be7 8. Be3 0-0 9. Nbd2 Nb8 10. d4 Nbd7 11. Re1 Re8 12. dxe5 dxe5 13. Qc2 c6 14. Be2 Bg6 15. b4 Bd6 16. Bd3 Bc7 17. Rad1 h6 18. Nh4 Bh7 19. Nf5 Bxf5 20. exf5 Bb6 21. Bc4 Bxe3 22. Rxe3 Nb6 23. Bb3 Nbd5 24. Ree1 Qc8 25. a3 e4 26. Nxe4 Rxe4 27. Rxe4 Nxe4 28. Qxe4 Nxc3 29. Qc4 Nxd1 30. Qxf7+ Kh8 31. Bxd1 Qd8 32. Bf3 Rb8 33. Kh2 Qd6+ 34. Kg1 a6 35. h4 Qf4 36. h5 Qe5 37. g3 Qd6 38. Kg2 b6 39. Qa7 c5 40. f6 Rg8 41. fxg7+ Rxg7 42. Qxa6 cxb4 43. axb4 Rf7 44. Qc4 Qf6 1/2-1/2

[Event "Asian Continental op 20th"]
[Site "Almaty"]
[Date "2023.06.07"]
[Round "5"]
[White "Spiridonov, Kirill"]
[Black "Akhmedinov, Satbek"]
[Result "0-1"]
[WhiteElo "1774"]
[BlackElo "1957"]
[PlyCount "91"]
[EventDate "2023.06.04"]
[EventType "swiss"]
[EventRounds "9"]
[EventCountry "KAZ"]
[SourceTitle "CBM 214 Extra"]
[Source "ChessBase"]
[SourceDate "2023.07.31"]
[SourceVersion "1"]
[SourceVersionDate "2023.07.31"]
[SourceQuality "1"]

1. e4 e5 2. Nf3 Nc6 3. Bb5 a6 4. Ba4 Nf6 5. 0-0 Be7 6. d3 b5 7. Bb3 d6 8. c3 0-0 9. a4 Bb7 10. h3 d5 11. Bc2 h6 12. Be3 Qd6 13. Nh4 d4 14. Nf5 Qd7 15. cxd4 exd4 16. Bf4 Nb4 17. Bb3 c5 18. axb5 axb5 19. Rxa8 Rxa8 20. Na3 Bf8 21. Re1 Re8 22. g4 Qc6 23. f3 Ba6 24. Kg2 Rd8 25. Qd2 c4 26. Rc1 Bb7 27. dxc4 Nxe4 28. Qd1 Nc5 29. cxb5 Qxf3+ 30. Qxf3 Bxf3+ 31. Kxf3 Nxb3 32. Rd1 Nd5 33. Rd3 Nc5 34. Rd1 Ne6 35. Bg3 Ng5+ 36. Kg2 g6 37. b6 gxf5 38. Nc4 f4 39. Bf2 Bc5 40. b7 Ne6 41. Ra1 Ndc7 42. b4 Bxb4 43. Rb1 Na6 44. Ne5 Bd6 45. Nc6 Re8 46. Rb6 0-1

[Event "Asian Continental op 20th"]
[Site "Almaty"]
[Date "2023.06.05"]
[Round "2"]
[White "Spiridonov, Kirill"]
[Black "Daurimbetov, Azamat"]
[Result "0-1"]
[WhiteElo "1774"]
[BlackElo "2180"]
[PlyCount "43"]
[EventDate "2023.06.04"]
[EventType "swiss"]
[EventRounds "9"]
[EventCountry "KAZ"]
[SourceTitle "CBM 214 Extra"]
[Source "ChessBase"]
[SourceDate "2023.07.31"]
[SourceVersion "1"]
[SourceVersionDate "2023.07.31"]
[SourceQuality "1"]

1. c4 Nf6 2. g3 g6 3. Bg2 Bg7 4. Nc3 0-0 5. d4 c5 6. Nf3 cxd4 7. Nxd4 Nc6 8. 0-0 Qa5 9. Nc2 d6 10. h3 Qh5 11. e3 Qc5 12. b3 h6 13. Na4 Qa5 14. Bb2 Rb8 15. Qe2 b5 16. Bxc6 bxa4 17. b4 Qc7 18. Bg2 Be6 19. c5 dxc5 20. Rfc1 Qd7 21. Be5 Rbc8 22. bxc5 0-1